000
00294nam a22001337a 4500
008
181019b xxu||||| |||| 00| 0 eng d
020
_a
9780226823379
041
_a
eng
080
_2
7th
_a
371
100
_a
46
101
_a
EDU
245
_a
A Manual for Writers
_c
Both,W.C
942
_2
udc
_c
BK
999
_c
50253
_d
50253